[Event "Bazna Kings 3rd"]
[Site "Bazna"]
[Date "2009.06.25"]
[Round "10"]
[White "Shirov, Alexei"]
[Black "Nisipeanu, Liviu Dieter"]
[Result "1-0"]
[WhiteElo "2745"]
[BlackElo "2675"]
[Annotator "Ftacnik,L"]
[PlyCount "81"]
[EventDate "2009.06.14"]
[EventType "tourn"]
[EventRounds "10"]
[EventCountry "ROU"]
[EventCategory "20"]
[SourceTitle "CBM 131"]
[Source "ChessBase"]
[SourceDate "2009.07.15"]
[SourceVersion "1"]
[SourceVersionDate "2009.07.15"]
[SourceQuality "1"]

1. e4 c5 2. Nf3 e6 3. d4 cxd4 4. Nxd4 Nc6 5. Nc3 Qc7 6. Be3 a6 7. Qd2 Nf6 8.
O-O-O Bb4 9. f3 Ne7 {The main move in this position used for a long time to be
the knight move to e5. Nisipeanu has found a liking for the less exposing
retreat to the e7-square.} (9... Ne5) 10. Nde2 b5 {In the competition of ideas,
the winner is a concept which strives to develop the pieces before embarking
on direct confrontatition with the opponent. The provocative 10...d5 is
playable, but in that case Black is balancing on the edge.} (10... d5 11. a3
Ba5 (11... Bc5 12. exd5 Nfxd5 13. Nxd5 exd5 14. Bxc5 Qxc5 15. Nf4 Bf5 16. g4
Bd7 17. Nxd5 {1-0 Fressinet,L (2619)-Tregubov,P (2599)/Chalkidiki 2002 (66)})
12. Bg5 (12. b4 Bb6 13. Bxb6 Qxb6 14. exd5 (14. e5 Nd7 15. f4 f6 16. exf6 Nxf6
17. Nd4 O-O 18. Nb3 Nf5 19. Bd3 Nd6 20. Rhe1 Qc7 21. g3 Re8 22. Re2 Bd7 23.
Rde1 a5 $5 $13 {0-1 Vokarev,S-Kotsur,P/Dubai 2002/ (38)}) 14... exd5 15. Qd4
Qc7 16. Qf4 Qc6 17. Kb2 Be6 18. Nd4 Qd7 19. h4 Rc8 20. Re1 O-O 21. Bd3 Rc7 22.
h5 Rfc8 {1/2-1/2 Magem Badals,J-Reefat,S/Dhaka/2003/(44)}) 12... dxe4 13. Bxf6
gxf6 14. Qh6 f5 15. Qf6 Ng6 16. fxe4 Qe5 (16... f4 17. g3 Bd7 (17... fxg3 $6
18. hxg3 Bd7 (18... Qe5 $5 19. Qf3 $44) 19. Rh5 $1 Bxc3 20. Nxc3 Qxg3 21. Kb1
Qf4 22. Qd4 {1-0 Tischbierek,R (2523)-Jansa,V (2500)/Germany 2003/ (28)}) 18.
gxf4 Bxc3 19. bxc3 Qd8 20. Qxd8+ Rxd8 21. Rg1 Ke7 22. Rg3 $11 {1/2-1/2 Korneev,
O (2606)-Graf,A (2630)/Lanzarote 2003 (51)}) 17. Qxe5 Nxe5 18. exf5 Ng4 19. Re1
Bb6 (19... Nf2) 20. Nd1 Nf2 21. Nxf2 Bxf2 22. Rd1 exf5 23. g3 $11 {1-0 Shirov,
A (2697)-Lutz,C (2650)/Dortmund 2002 (69)}) 11. Bf4 {Shirov is rushing to stir
up the conflict before his opponent manages to mobilize his forces.} (11. Kb1
Ba5 12. Qd4 Nc6 13. Qc5 Bb4 14. Qg5 O-O 15. Qg3 Ne5 16. h4 Bb7 17. h5 Ne8 18.
a3 Bd6 19. Bf4 f6 $1 {1/2-1/2 Topalov,V-Polgar,J/Sofia 2005/ (68)}) (11. Qe1 $5
Ba5 12. Qf2 d5 13. Bc5 b4 14. Na4 Rb8 15. Nd4 {1-0 Karjakin,S-Zhang Pengxiang/
Tiayuan 2005/ (26)}) (11. g4 h6 12. Rg1 $5 Ng6 13. a3 Be7 14. f4 b4 15. axb4
Bxb4 16. Qd4 Qa5 17. Kb1 Rb8 18. g5 $16 {1-0 Leko,P-Polgar,J/San Luis 2005/ 
(25)}) 11... e5 12. Bg5 Qb6 $6 {In this position, the defence is still
searching for its best form. Nisispeanu's novelty is an attempt to improve on
all ideas tested so far.} (12... Bb7 13. Kb1 Ba5 14. Bxf6 $1 (14. Qd6 Nfd5 $1
15. Qxc7 Nxc7 16. Ng3 f6 {1/2-1/2 Akopian,V-Nisipeanu,L/Gothenburg 2005/(16)})
14... gxf6 15. Qh6 Qb6 (15... Ng6 16. Qg7 $16) 16. g3 $1 Qe6 (16... f5 17. Qg7
Rg8 18. Qxe5 Qe6 19. Qf4 $16) (16... O-O-O 17. Bh3) 17. Bh3 f5 18. Qh4 $1 (18.
Qh5 Qg6 19. Qh4) 18... f6 (18... d5 19. Bxf5 Nxf5 20. exf5 Qxf5 21. Nxd5 $18)
19. exf5 $16 {1-0 Anand,V (2788)-Polgar,J (2735)/San Luis 2005/ (62)}) (12...
h5 $5 13. Kb1 Ba5 14. Nc1 (14. Bxf6 gxf6 15. Nd5 Nxd5 16. Qxd5 Bb7 17. Qb3 h4
$1) 14... b4 (14... Bxc3 $1 15. Qxc3 Qxc3 16. bxc3 d5 $1 17. Bxf6 gxf6 18. exd5
Bb7 19. c4 bxc4 20. Bxc4 Rd8 $11) 15. Na4 b3 16. Nc3 bxc2+ 17. Qxc2 Rb8 18. Nb3
Bb4 19. Rd3 {1-0 Karjakin,S (2732)-Nisipeanu,L (2684)/Foros 2008/ (40)}) (12...
Nfg8 13. Kb1 Ba5 14. Nc1 h6 15. Bh4 f5 16. Be1 (16. Nb3 Bxc3 17. Qxc3 Qxc3 18.
bxc3 fxe4 19. fxe4 Ng6 $11) 16... b4 17. Nd5 (17. Na4 b3 18. Nc3 bxa2+ 19. Kxa2
$14) 17... Nxd5 18. exd5 b3 19. c3 bxa2+ 20. Ka1 d6 $15 {1-0 Yagupov,I (2549)
-Wen,Y (2416)/Moscow 2006 (77)}) 13. a3 $1 (13. Kb1 O-O 14. a3 Bc5 15. b4 Bf2
16. Qd6 Qxd6 17. Rxd6 Rd8 18. g3 Bb7 19. Bh3 $16) 13... Bc5 14. b4 Bf2 15. Qd6
Qxd6 {Black has to exchange the queens, otherwise the pawn on e5 can not be
defended.} (15... Be3+ 16. Bxe3 Qxe3+ 17. Kb2 $16) 16. Rxd6 Neg8 $6 {In the
semi-closed position without queens Black can seemingly live without the fear
of investing an odd tempo. The solution of the pressure against the f6-square
is very artificial and Shirov will punish his opponent with a brave exchange
sacrifice.} (16... Bb7 17. g3 h6 (17... Nf5 18. exf5 Bxf3 19. Bxf6 gxf6 20. Rg1
Ke7 21. Rd2 $16) 18. Bxf6 gxf6 19. Rxf6 d5 $14) 17. Ng3 (17. Nd1 Ba7 18. c4
bxc4 19. Nb2 $16) 17... h6 18. Nd1 Ba7 (18... Bc5 19. bxc5 hxg5 20. Nf5 (20. c4
Ne7 21. Ne3 Bb7 22. Ngf5 Nxf5 23. Nxf5 Nh5 24. cxb5 g6 25. bxa6 Bc6 26. Rxc6
dxc6 27. Nd6+ Ke7 28. Bc4 $16) 20... g6 21. Nfe3 Ke7 22. Nf2 Bb7 23. Nd3 Rc8
24. Rb6 $16) (18... Bxg3 19. hxg3 $16) (18... hxg5 $5 19. Nxf2 Kd8 20. Rd2 Kc7
21. c4 Ne7 22. Kb2 $14) 19. Be3 Bb8 20. Bc5 $5 {[%mdl 1024] White is
triumphant from the creative point of view, but objectively was not forced to
sacrifice. After the occupation of the centre his pieces would dominate his
opponent's passive forces.} (20. Rd2 Ne7 21. c4 $1 bxc4 22. Bxc4 d6 23. Bf2 O-O
24. Ne3 Rd8 25. Rhd1 Be6 26. Kb2 $16) 20... Ne7 (20... Bxd6 21. Bxd6 Ne7 22.
Ne3) 21. Ne3 Bxd6 22. Bxd6 Bb7 (22... Nc6 23. c4 Kd8 24. Kb2 Ne8 25. Bc5 $14)
23. c4 $1 {Shirov is sporting higher ambitions than taking back part of the
sacrificed material.} (23. Bxe5 d5 24. Ngf5 Nxf5 25. Nxf5 Rd8 $14) 23... Bc6 (
23... bxc4 24. Nxc4 Bc6 25. Nxe5 Bb5 26. Kb2 Nc8 27. Nf5 Rh7 28. Bxb5 axb5 29.
Bc7 $16) (23... Nc8 24. Nef5 Rg8 25. Bxe5 Bc6 26. Bd3 $16) 24. Kb2 Ng6 25. Ngf5
Kd8 {The bishop on d6 is restraining freedom of mobility for the black king
and makes coordination of forces a tall order.} (25... Rg8 26. Bc5 Kd8 27. Nd6
Kc7 (27... Rf8 $2 28. Bb6+ Ke7 29. Ndf5+ Ke6 30. Nxg7+ Kd6 31. Nef5#) 28. Nxf7
Rae8 29. g3 $16) 26. Nxg7 Ne8 (26... Rh7 27. Ngf5 Ne8 28. Bc5 h5 29. Bd3 $16)
27. Nxe8 Rxe8 (27... Kxe8 28. Ng4 h5 29. Nxe5 $16) 28. Nf5 Re6 (28... h5 29.
Bc5 Rb8 30. g3 $16) 29. h4 $5 {Due to the stabilised centre White can exert
pressure on both flanks of the board.} (29. c5 Ne7 30. Nxe7 Rxe7 31. Bxe7+ Kxe7
32. Be2 Rg8 33. g3 $16) 29... h5 (29... Ne7 30. Bxe7+ Rxe7 31. Nxh6 $16) 30. c5
Re8 31. g4 $1 {Due to the obvious passivity of the black forces White is
actually firing at him with a huge advantage in numbers!} (31. Nh6 f6 32. g4
hxg4 (32... Kc8 33. g5 Rh8 34. Nf5 fxg5 35. hxg5 h4 36. Ne7+ Nxe7 37. Bxe7 Kb7
38. Bf6 $18) 33. Nxg4 f5 34. exf5 Bxf3 35. fxg6 Bxh1 36. Nf6 Re7 37. h5 Rg7 38.
Bf8 $18) 31... hxg4 (31... Rh8 32. Ng3 hxg4 33. h5 Ne7 34. fxg4 f6 35. g5 fxg5
36. Bxe5 $16) 32. h5 Nf4 (32... gxf3 33. hxg6 fxg6 34. Nh6 Kc8 35. Nf7 Bxe4 36.
Nxe5 Kb7 37. Rh7 $18) 33. Nh6 $1 {The clever knight move fuels the tension at
the moment, when White is already operating with a free passed pawn on h5.}
gxf3 (33... f5 34. Nf7+ Kc8 35. Bxe5 Rxe5 36. Nxe5 fxe4 37. fxg4 (37. h6 Kc7
38. h7 Rh8 39. Nf7 Rxh7 40. Rxh7 gxf3 41. Ne5 e3 42. Nxf3 Bxf3 43. Rf7 $18)
37... e3 38. Rh2 $18) 34. Nxf7+ Kc8 35. Bxe5 Rxe5 {Black is returning the
exchange in circumstances in which the game has already been decided.} (35...
Ne2 36. Nd6+ $18) (35... Rf8 36. Nd6+ Kd8 37. h6 Ng6 38. Bg7 Ke7 39. h7 $18)
36. Nxe5 Kc7 (36... Bxe4 37. Rh4 $18) 37. h6 Rh8 (37... Bxe4 38. h7 Rh8 39. Rh4
$18) 38. h7 Bxe4 39. Rh4 $1 {The defender is losing a piece, so he just "goest
through the motions" before the time control.} Rxh7 (39... Ne2 40. Rxe4 Ng3 41.
Rh4 Nxf1 42. Nxf3 $18) 40. Rxf4 Rh2+ 41. Kc3 1-0

[Event "Tata Steel-B 77th"]
[Site "Wijk aan Zee"]
[Date "2015.01.24"]
[Round "12"]
[White "Wei, Yi"]
[Black "Haast, Anne"]
[Result "1-0"]
[WhiteElo "2675"]
[BlackElo "2352"]
[Annotator "Ftacnik,L"]
[PlyCount "51"]
[EventDate "2015.01.10"]
[EventType "tourn"]
[EventRounds "13"]
[EventCountry "NED"]
[EventCategory "13"]
[SourceTitle "CBM 165"]
[Source "ChessBase"]
[SourceDate "2015.03.11"]
[SourceVersion "1"]
[SourceVersionDate "2015.03.11"]
[SourceQuality "1"]

1. e4 c5 2. Nf3 e6 3. d4 cxd4 4. Nxd4 Nc6 5. Nc3 Qc7 6. Be3 a6 7. Qf3 {A
somewhat unexpected move that has been going through a surprising boom in last
few months. White players are probably tired of the intricacies of the main
line with 7.Qd2 and want something fresh and less well analysed.} (7. Qd2 Nf6
8. O-O-O) 7... Ne5 {If you ever witnessed a true exception to the rules please
prepare yourself for the repetition. Black will ignore the first rule of the
opening strategy - "Develop the pieces" at his peril.} (7... Nf6 8. O-O-O (8.
Be2 h5 9. Qg3 Ne5 10. f4 h4 11. Qh3 Nc4 12. e5 Nxb2 13. Bc1 Bb4 14. Bd2 Nc4 15.
exf6 Nxd2 16. fxg7 Rg8 17. Kxd2 Qxf4+ 18. Kd3 e5 19. Qg4 Qxg4 20. Bxg4 exd4 21.
Nd5 Rxg7 22. Nc7+ Kd8 23. Nxa8 Rxg4 24. Nb6 d5 25. Nxc8 Kxc8 $11 {1-0 (54)
Durarbayli,V (2635)-Izzat,K (2424) Baku 2015}) 8... Ne5 (8... Be7 9. Kb1 d6 10.
Nxc6 bxc6 11. g4 Rb8 12. g5 Nd7 13. Qg3 Qa5 14. Bc1 d5 15. h4 Qb4 16. h5 Bd6
17. f4 Nc5 18. Qe3 O-O 19. e5 Be7 20. Rh3 Na4 21. Nxa4 Qxa4 $11 {1-0 (34)
Popov,I (2622)-Lazarev,V (2387) Chennai 2015}) 9. Qg3 b5 10. f4 Neg4 11. Bg1 h5
12. e5 b4 13. Na4 Nd5 14. Nb3 Bb7 15. Nac5 Rc8 16. Bd3 a5 17. Kb1 Bc6 18. Na6
Qd8 19. Nd4 $14 {1/2 (109) Nepomniachtchi,I (2714)-Wang,Y (2720) Beijing 2014})
8. Qg3 h5 {This move was probably invented by Giri and any idea prepared by
one of the youngest and strongest GM in the world deserves serious attention.}
(8... Nf6 9. f4 Nc4 10. e5 Nxb2 11. Bd2 Nd5 12. Nxd5 exd5 13. Nf5 g6 14. Nd6+
Bxd6 15. exd6 Qb6 16. Qb3 Qxd6 17. Qxb2 Qe6+ 18. Kf2 $18 {1-0 (18) Wei,Y (2641)
-Lei,T (2421) Zhongshan 2014}) 9. O-O-O (9. Nf3 Bd6 10. Qg5 Ne7 11. Be2 b5 $11)
(9. f3 b5 10. O-O-O d6 11. f4 Ng4 12. e5 dxe5 13. fxe5 Nxe3 14. Qxe3 Bd7 15.
Be2 g6 16. Qf3 Rc8 17. Rhf1 Rh7 18. Kb1 Bb4 19. Ne4 Qxe5 {1-0 (42) Karjakin,S 
(2767)-Giri,A (2768) Tashkent 2014} 20. Qd3 f5 21. Ng5 $14) (9. f4 Ng4 10. Bd2
b5 $11) 9... h4 10. Qh3 {Both players in this game are repeating the moves
from the game that was played in Wijk 2015 in group A. The white queen would
be surprisingly lost after any other (reckless) retreat.} (10. Qf4 $2 g5 $1 11.
Qxg5 f6 12. Qf4 Bh6 $19) 10... b5 {Personally I am a great fan of the plan of
preventing main ideas of the opponent. The modest retreat of the knight to g6
would have been surprisingly efficient.} (10... Ng6 $5 11. Bd3 b5 12. Nde2 Ne5
$11) 11. f4 Nc4 (11... Ng6 $6 12. e5 Bb7 13. Bd3 $14) 12. Bxc4 Qxc4 (12... bxc4
$5 {Haast trusts the great predecessors, but she might have considered also
recapturing with the pawn with a solid position with shared chances.} 13. g4
Rb8 14. Nde2 Ne7 15. Rhf1 Nc6 $11) 13. f5 Bb7 (13... b4 14. Na4 Qc7 15. e5 $14)
14. Rhf1 e5 {The line with 14...Rc8 that Giri chose against Radjabov is very
interesting. White can open up the position and put Black under severe
pressure with a rook sacrifice on f7.} (14... b4 15. Na4 Qxa2 16. Nb6 Be7 (
16... Rd8 17. Nb3 $18) 17. e5 $16) (14... Rc8 15. fxe6 dxe6 16. Rxf7 $5 Kxf7
17. b3 (17. Nf3 Rh5 $1 (17... Qc7 $2 18. Ng5+ Ke8 (18... Kg6 19. Qxe6+ Kh5 20.
g4+ $18) 19. Qxe6+ Qe7 20. Qg6+ $18) 18. Rd7+ (18. g4 Ba3 19. Bd4 (19. gxh5
Bxb2+ 20. Kb1 Bxc3 $19) 19... Rhc5 20. Qxh4 Bxe4 21. Bxc5 Rxc5 22. Ng5+ Rxg5
23. Nxe4 $11) 18... Be7 19. g4 Bxe4 20. gxh5 Bxf3 21. Qxf3+ Nf6 $11) 17... Ba3+
18. Kb1 Qxc3 19. Qxe6+ Kf8 20. Rf1+ Nf6 21. Rxf6+ gxf6 22. Qxf6+ Kg8 23. Qg6+
Kf8 24. Qf6+ Kg8 (24... Ke8 25. Qg6+ Kd7 26. Qe6+ Kc7 27. Bf4+ Kd8 28. Bg5+ $11
) 25. Qg6+ Kf8 26. Qf6+ {1/2 (26) Radjabov,T (2734)-Giri,A (2784) Wijk aan Zee
2015}) 15. Nb3 Qc7 16. Kb1 $146 {In case you had some problems believing the
first part of the game do not despair. Your annotator has been equally amazed
by the modern form of treating opening problems by Black. The king move in the
game is the first independent idea of this battle.} (16. Bg5 Rc8 17. Rf2 Be7
18. Bxe7 Kxe7 19. Rfd2 Nf6 20. a3 Rh6 $11 {0-1 (47) Saric,I (2666)-Giri,A 
(2784) Wijk aan Zee 2015}) 16... Rc8 $2 {My explanation for the disaster that
will now befall the second player is connected with the symmetries on the
board. Black has so far only used the pieces of the queenside and seriously
breached the balance between both sides of the board.} (16... Nf6 $1 17. Nd5
Nxd5 (17... Bxd5 18. exd5 a5 19. Rfe1 $14) 18. exd5 Rc8 19. Rf2 Ba8 (19... f6
20. d6 Qc4 $11) 20. f6 gxf6 21. Qf5 Qd6 22. Bc5 Rxc5 23. Nxc5 Qxc5 24. Qxf6
Bxd5 25. Qxh8 Qxf2 26. Qxe5+ Be6 27. Qb8+ Ke7 28. Qd6+ $11) 17. f6 $1 {[%mdl
128] Introduction to a shockingly swift punishment centred around the weakness
of the d7 spot.} Nxf6 (17... d6 18. fxg7 Bxg7 19. Qg4 Bf8 20. a3 $16) 18. Rxf6
$1 gxf6 19. Bb6 Qc6 (19... Qd6 20. Rxd6 Bxd6 21. Bf2 $18) (19... Qxb6 $2 20.
Qxd7#) 20. Na5 Qe6 21. Nxb7 Rb8 $2 {The Dutch women's champion did not want to
suffer in the ending with rook against the two mighty minor pieces for White.
Her honest ambition to punish White for the excessive aggressivity will
backfire in the most charming way.} (21... Qxh3 22. gxh3 Rb8 23. Nd6+ Bxd6 24.
Rxd6 Rc8 (24... Ke7 25. Bc7 $18) 25. Be3 Rc6 26. Rd2 f5 27. exf5 Rh5 28. Rf2
$16) 22. Nd5 $1 Rxb7 {A sad necessity as the exchange of the queens is not
possible any more.} (22... Qxh3 23. Nc7+ Ke7 24. Bc5+ d6 25. Rxd6 $1 f5 (25...
Qe6 26. Rd8+ Qd6 27. Bxd6#) (25... Qd7 26. Re6#) (25... Qe3 26. Rd4#) 26. Nd5+
Ke8 27. Rd8+ (27. Nf6+ Ke7 28. Rxa6#) 27... Rxd8 28. Nf6#) 23. Qc3 Qc6 (23...
d6 24. Qc6+ Qd7 25. Nxf6+ Ke7 26. Nxd7 Rxd7 27. Ba5 $18) 24. Nxf6+ $1 {The
spirit and energy of White's final attack are truly charming. Black will not
get a single tempo to recover from the blows from every side and angle.} (24.
Qxc6 $2 dxc6 25. Nc7+ Rxc7 26. Bxc7 Be7 $17) 24... Ke7 (24... Qxf6 25. Qc8+ Ke7
26. Bc5+ (26. Bd8+ Ke6 27. Bxf6 Kxf6 28. Qxb7 $18) 26... d6 (26... Ke6 27. Qe8+
Qe7 28. Rd6#) 27. Qxb7+ Ke6 28. Qc8+ Ke7 29. Qc7+ Ke8 30. Qc6+ Kd8 31. Bb6+ $18
) 25. Bd8+ $1 (25. Rxd7+ Rxd7 26. Qxc6 Rd1#) (25. Qxe5+ Qe6 26. Nd5+ Ke8 27.
Qxh8 $18) 25... Ke6 (25... Kxd8 26. Qxc6 $18) 26. Qh3# {In a nice gesture
Haast has decided to recreate the flavour of historical attacking games to the
full - mate of the black king in the centre. Fascinating and to my
understanding beautiful game!} 1-0

[Event "Bayern-chI Bank Hofmann 6th"]
[Site "Bad Wiessee"]
[Date "2002.10.31"]
[Round "6"]
[White "Lanka, Zigurds"]
[Black "Gershon, Alik"]
[Result "0-1"]
[WhiteElo "2509"]
[BlackElo "2562"]
[Annotator "Gershon,A"]
[PlyCount "94"]
[EventDate "2002.10.26"]
[EventType "swiss"]
[EventRounds "9"]
[EventCountry "GER"]
[SourceTitle "EXT 2003"]
[Source "ChessBase"]
[SourceDate "2002.11.25"]
[SourceVersion "1"]
[SourceVersionDate "2002.11.25"]
[SourceQuality "1"]

1. e4 c5 2. Nf3 e6 3. d4 cxd4 4. Nxd4 Nc6 5. Nc3 Qc7 6. Be2 a6 7. Be3 Nf6 8. a3
Na5 {A rare move against white's set up. Black's idea is to get as much play
as possible on the Q side, before white begins his thematic Kside attack.} 9.
f4 (9. Qd3 $5 b5 10. Rd1 Nc4 11. Bc1 Bb7 12. O-O Rc8 13. f4 d6 14. Bf3 Nd7 $13
{1/2-1/2 Blehm,P-Polgar,J/Ohrid 2001/CBM 84 (29)}) 9... d6 10. g4 (10. O-O Be7
11. g4 Nc4 12. Bc1 b5 13. g5 Nd7 14. Rf3 g6 15. f5 Nde5 16. Rg3 Qd7 17. b3 Na5
18. Bf4 Bb7 19. Qd2 $132 {0-1 Maksimenko,A-Jaracz,P/Bydgoszcz 2001/CBM 82 ext 
(42)}) 10... Nc4 11. Bc1 b5 {black's point is to keep the B on f8 for as long
as possible, since it can by much more useful on the long diagonal sometimes.}
12. g5 Nd7 13. O-O g6 $1 (13... Bb7 $143 {[%csl Re6]} 14. Bg4 {the 'e6' square
becomes problematic}) 14. Kh1 (14. f5 Nde5) 14... Bb7 15. Bf3 Bg7 16. f5 $6 {
after this move black has no problems anymore.} (16. Nde2 {was the solid
alternative, but black should be by no means worse anyway.}) 16... gxf5 17.
exf5 Bxd4 18. Qxd4 Bxf3+ 19. Rxf3 Qb7 $1 {this important intermediate move was
what white missed. Now black takes over the long diagonal} (19... O-O-O 20.
fxe6 fxe6 21. Qe4 {would have been a different story}) 20. Qe4 (20. Qxh8+ Nf8
21. Nd5 $8 (21. Kg2 Ne5 $19) 21... Qxd5 22. Qc3 Ne5 23. Kg2 exf5 {is hardly a
position white should be happy to play}) 20... d5 21. Qd4 O-O-O {with his 19th
move black has won two important tempi. Now his pawn mass in the center
threatens to get into motion.} 22. Ne2 $2 {making black's tast much easier.
The knight was needed on c3, to force black to lose a tempo on defending d5} (
22. Rh3 $142 $17 {[%cal Gh1g1]}) {Now the pawns start moving, destroying
everything on the way} 22... e5 23. Qg4 e4 24. Rh3 d4 $1 25. Qg2 (25. Nxd4 $2
Nde5 26. Qd1 e3+ 27. Kg1 e2 $19) 25... Nde5 26. Bf4 $6 (26. b3 $1 {was the
last chance to complicate the matters} d3 27. bxc4 dxe2 (27... dxc2 28. cxb5
Rd1+ 29. Ng1 {[%cal Gg2c2]}) 28. Qxe2 e3+ (28... Nxc4) 29. Kg1 Nxc4 30. Bxe3
Qe4 $40) 26... d3 {the most straightforward way.} (26... Nf3 27. b3 Nce5 {
doesn't look too bad either}) 27. cxd3 exd3 28. Nc3 d2 29. Qxb7+ Kxb7 30. b3
Nd3 {now white loses an exchange by force} 31. bxc4 (31. Rf3 Nxf4 32. bxc4 Ne2
$1 33. Nd1 bxc4 $19) 31... Nf2+ 32. Kg2 Nxh3 33. Kxh3 Rd3+ {the rest is simple
technique} 34. Kh4 Rxc3 35. Bxd2 Rd3 $1 {last finesse, creating a passed pawn}
36. Bb4 bxc4 37. Rc1 Rc8 38. Rc2 Kb6 39. Kh5 Rh3+ 40. Kg4 Rd3 $138 41. Kh5 c3
42. Kh6 a5 43. Rxc3 (43. Be7 Rd2) 43... Rdxc3 44. Bxc3 Rxc3 45. Kxh7 Rxa3 46.
Kg7 Rf3 47. f6 a4 {black is much faster.} 0-1

[Event "Nuremberg LGA Cup 5th"]
[Site "Nuremberg"]
[Date "2008.09.07"]
[Round "7"]
[White "Boguslavsky, Oleg"]
[Black "Bachmann, Axel"]
[Result "0-1"]
[WhiteElo "2402"]
[BlackElo "2511"]
[Annotator "Gutman,L"]
[PlyCount "48"]
[EventDate "2008.09.04"]
[EventType "swiss"]
[EventRounds "7"]
[EventCountry "GER"]
[SourceTitle "CBM 126 Extra"]
[Source "ChessBase"]
[SourceDate "2008.11.05"]
[SourceVersion "1"]
[SourceVersionDate "2008.11.05"]
[SourceQuality "1"]

1. e4 c5 2. Nf3 e6 3. d4 cxd4 4. Nxd4 a6 5. Bd3 Qc7 6. Nc3 Nc6 7. Be3 Nf6 8.
O-O h5 9. Nxc6 $6 (9. h3 {ist am Platze.}) 9... Ng4 10. g3 ({In
Moncayo-Botsari, Turin Olympiade 2006, folgte} 10. e5 bxc6 11. Bf4 Nxe5 12. Re1
Bd6 13. Be2 Rb8 $17 {mit Mehrbauern für Schwarz.}) 10... Nxe3 11. fxe3 dxc6 12.
Qf3 Bd6 ({Viel natürlicher erscheint} 12... e5 $5 13. Bc4 f6 14. a4 Bg4 $17 {
mit offensichtlichem Vorteil für Schwarz, Prahov-Roussel, Montreal 2004.}) 13.
Ne2 Be5 $6 ({Auch hier war} 13... e5 $17 {stärker.}) 14. c3 g5 15. Rf2 $2 ({
Der Anziehende leistet keinen Widerstand. Nach} 15. Rad1 f6 16. Bc4 {wäre die
Sache weniger klar gewesen, wie} c5 17. Nf4 gxf4 18. exf4 Bd6 19. e5 Be7 20.
exf6 Bxf6 21. Rfe1 $44 {zeigt.}) 15... f6 16. Nc1 $2 Bd7 17. Bc2 g4 18. Qg2 h4
19. Ne2 hxg3 20. hxg3 Qb6 21. Rd1 Qxe3 22. Rd3 Qb6 23. Bb3 O-O-O 24. Kf1 c5 0-1